|
|
|
|
| LEADER |
00821cam a2200241 7i4500 |
| 001 |
0000004410 |
| 005 |
20251118090000.0 |
| 020 |
|
|
|a 0471415359
|
| 090 |
0 |
0 |
|a HF5686.C8
|b D36 2002
|
| 100 |
1 |
|
|a Daly, John L
|
| 245 |
1 |
0 |
|a Pricing for profitability :
|b activity-based pricing for competitive advantage
|c John L. Daly.
|
| 260 |
|
|
|a New York:
|b John Wiley & Sons, Inc.,
|c 2002.
|
| 300 |
|
|
|a xiv, 271 p.:
|b ill.;
|c 24 cm.
|
| 336 |
|
|
|a text
|2 rdacontent
|
| 337 |
|
|
|a unmediated
|2 rdamedia
|
| 338 |
|
|
|a volume
|2 rdacarrier
|
| 490 |
0 |
|
|a Wiley cost management series
|
| 500 |
|
|
|a Gift: Selangor Business School (SBS)
|
| 650 |
0 |
0 |
|a Activity-based costing
|
| 650 |
0 |
0 |
|a Cost accounting
|
| 650 |
0 |
0 |
|a Managerial accounting
|
| 997 |
|
|
|a Business & Accountancy, Faculty
|
| 999 |
|
|
|a 0000004199
|b BOK
|c OPEN SHELF
|e 1st Floor, Shah Alam
|